| 000 | 00670nam a2200229 a 4500 | ||
|---|---|---|---|
| 001 | 54666 | ||
| 003 | BD-RjUL | ||
| 005 | 20211209080142.0 | ||
| 008 | 161108r19621951enk b 001 0 eng d | ||
| 035 | _a(BD-RjUL) 54788 | ||
| 040 |
_aNNC _cNNC _beng _dBD-RjUL |
||
| 041 | _aeng | ||
| 082 |
_223 _a822.33 _bWIW 1962 |
||
| 100 | 1 |
_aWilson, J. Dover, _d1881-1969. _9163027 |
|
| 245 | 1 | 0 |
_aWhat happens in Hamlet / _cJ. Dover Wilson |
| 250 | _a3rd ed. | ||
| 260 |
_aCambridge : _bUniversity Press, _c1951 [reprinted1962]. |
||
| 300 |
_axxii, 357 p. ; _c22 cm. |
||
| 500 | _aIncludes index | ||
| 600 | 1 | 0 |
_aShakespeare, William, _d1564-1616. _tHamlet. _9163028 |
| 942 |
_2ddc _cBK |
||
| 999 |
_c54666 _d54666 |
||